Riconosci lo Stato - Quiz n°93 - Statistics

Statistiche generali
  • Questo quiz è stato fatto 31 volte
  • Il punteggio medio è 11 su 12
Statistiche sulle risposte
Indizio Risposta % Corretto
Iniziali delle Capitali S / L
96%
Popolazione 11.673.029 ab.
93%
Indipendenza dalla Spagna il 6 agosto 1825
93%
Presidente della Repubblica Luis Arce
93%
Fuso Orario UTC-4
93%
Superficie 1.098.581 km²
89%
ISU 0,718
85%
Tasso di crescita 1,664%
85%
PIL (nominale) 38 547 milioni di $
85%
Risposta Bolivia
85%
Valuta Boliviano
85%
Forma di Governo Repubblica presidenziale
85%
Nessun quiz corrispondente trovato
Distribuzione punteggi
Percentuale di utenti per punteggio
Percentile per numero di risposta
I tuoi punteggi nel tempo
Non hai fatto questo quiz